| 000 | 01387nam a22003137a 4500 | ||
|---|---|---|---|
| 003 | OSt | ||
| 005 | 20230621090046.0 | ||
| 008 | 221006b |||||||| |||| 00| 0 eng d | ||
| 040 | _cBiblioteca Lado V | ||
| 082 |
_a709.05 _bG851a |
||
| 100 |
_9855 _aGriffin, Tim _eeditor |
||
| 245 |
_aArtforum/ _bInternacional/ |
||
| 260 |
_aNew York _c1994 _bNew York editorial and business offices |
||
| 300 |
_c26.5x27cm _a116p. |
||
| 366 | _espa | ||
| 490 |
_aEnero _v1994 _x0864-1315 |
||
| 505 |
_tCOLUMNS _aGlamour Wounds Books American Myths Real Life Rock Cyberbabble |
||
| 505 |
_tFEATURES _gJohnny in the City: Mike Leigh's Naked The Third Set: Nan Goldin and Dominique Nabokov Critical Reflections Mark Morrisroe Yasumasa Morimura Young at Art Hot Hype Openings |
||
| 505 |
_tREVIEWS _aFocus: Gerhard Richter |
||
| 650 |
_2Tesauro de Arte & Arquitectura _aARTE COMTEMPORANEO _9703 |
||
| 650 |
_2Tesauro de Arte & Arquitectura _aFOTOGRAFIA _9702 |
||
| 650 |
_2Tesauro de Arte & Arquitectura _aARTE VISUAL _9702 |
||
| 650 |
_2Tesauro de Arte & Arquitectura _aLIBROS |
||
| 650 |
_2Tesauro de Arte & Arquitectura _aNOTICIAS |
||
| 650 |
_2 Tesauro de Arte & Arquitectura _aARTE INTERNACIONAL |
||
| 650 |
_2 Tesauro de Arte & Arquitectura _aESCULTURA |
||
| 700 |
_aNavarreta, Jose Antonio _eeditor |
||
| 942 |
_2ddc _c1 _h709.05 _iG851a _n0 |
||
| 999 |
_c3883 _d3883 |
||